|
|
|
|
| LEADER |
00000nam a2200000 a 4500 |
| 001 |
vtls008997472 |
| 003 |
SK-MaSNL |
| 005 |
20260301210311.0 |
| 008 |
240314 000 0 eng |
| 040 |
|
|
|a SNK
|b slo
|c SNK
|e AACR2
|
| 100 |
1 |
|
|a Déri, Gyula
|4 aut
|9 593607
|
| 245 |
1 |
0 |
|a Pozsony és Pozsony vármegye
|
| 260 |
|
|
|a Budapest
|b Hornyánszky Viktor c. és kir. udvari könyvnyomdája
|c 1909
|
| 300 |
|
|
|a 18 s.
|
| 999 |
|
|
|c 913157
|d 915087
|
| 952 |
|
|
|a SNK
|b SNK
|y VYP
|7 0
|p 17A0554386
|o snkSC 44343 D1
|i snk1923/44
|0 0
|1 0
|4 0
|d 2007-06-08
|l 0
|r 2026-02-24 07:50:01
|w 2026-02-24
|
| 952 |
|
|
|a SNK
|b SNK
|y PREZ
|7 0
|p 17A0554387
|o snkSC 44343
|i snkKSK 1378/58
|8 3
|3 rekatalogizácia
|0 0
|1 0
|4 0
|d 2007-06-08
|l 0
|r 2025-10-23 00:00:00
|w 2026-02-24
|